000 00978nam a2200205Ii 4500
003 JO-AjNU
008 230605s9999||||xx |||||||||||||| ||und||
017 _a2004/4/802
040 _aJO-AjNU
_bara
_erda
_cJO-AjNU
041 _aara
050 1 4 _aDS36.8.H586 2004
100 3 _aجامعة فيلادافيا(جرش-الأردن)، أبو أصبع،صالح مراجع ومحررعبيدالله، يوسف المناصرة، عز الدين مراجع ومحرر,
_eauthor
_933550
245 0 0 _aالحوار مع الذات: أوراق المؤتمر العلمي الثامن لكلية الاداب والفنون/ جامعة فيلادلفيا 28-30 تموز(يوليو) 2003
264 3 1 _aجرش: جامعة فيلادلفيا ،2005
300 _a628ص
336 _atext
_btxt
_2rdacontent
337 _aunmediated
_bn
_2rdamedia
338 _avolume
_bnc
_2rdacarrier
650 4 _aالحوار الثقافي- الثقافة - الاعلام- الاتصال
_933551
999 _aA13668
_c17236
_d17236